| 000 | 00480nam a2200145 a 4500 | ||
|---|---|---|---|
| 001 | 000033221 | ||
| 005 | 20200930070115.0 | ||
| 008 | 110823s1918 dr 000 0 spa d | ||
| 040 |
_aDO-SdBNP _bspa _cBNPHU |
||
| 082 |
_axxx _bC723 |
||
| 100 | 1 |
_aColson, Jaime, _d1901-1975 _937723 |
|
| 245 | 1 | 3 |
_aEl cabo chepe : _bAventuras del caudillo ilustre de la política babiecana. |
| 260 |
_aPuerto Plata, República Dominicana : _aBarcelona : _bLabraña, _c1918. |
||
| 300 |
_a334 p. ; _c19 cm. |
||
| 999 |
_c32712 _d32712 |
||